Buying is now more affordable than renting (Record no. 83455)

MARC details
000 -LEADER
fixed length control field 00889cad a22002055a 4500
001 - CONTROL NUMBER
control field E154019
008 - FIXED-LENGTH DATA ELEMENTS--GENERAL INFORMATION
fixed length control field 111004e20110423xxk 000 0 eng u
035 ## - SYSTEM CONTROL NUMBER
System control number (Sirsi) u154019
041 0# - LANGUAGE CODE
Language code of text/sound track or separate title eng
110 2# - MAIN ENTRY--CORPORATE NAME
Corporate name or jurisdiction name as entry element Bank of Scotland
9 (RLIN) 5792
245 00 - TITLE STATEMENT
Title Buying is now more affordable than renting
Medium [electronic resource]
260 ## - PUBLICATION, DISTRIBUTION, ETC.
Date of publication, distribution, etc. 2011
490 ## - SERIES STATEMENT
Series statement Bank of Scotland Press Release
Volume/sequential designation 23 April 2011
520 ## - SUMMARY, ETC.
Summary, etc. In March 2011, the monthly costs of purchasing a three bedroom house in Scotland were £514, 3% less than the average monthly rent paid on a similar property.
590 ## - LOCAL NOTE (RLIN)
Local note KA
651 #4 - SUBJECT ADDED ENTRY--GEOGRAPHIC NAME
Geographic name Scotland
Chronological subdivision 1999-
690 ## - LOCAL SUBJECT ADDED ENTRY--TOPICAL TERM (OCLC, RLIN)
Topical term or geographic name as entry element PROPERTY-RESIDENTIAL PROPERTY-DOMESTIC RESIDENTIAL PROPERTY-HOUSING
856 40 - ELECTRONIC LOCATION AND ACCESS
Uniform Resource Identifier <a href="https://www.lloydsbankinggroup.com/media/pdfs/bos/2011/Buying_more_affordable_renting.pdf">https://www.lloydsbankinggroup.com/media/pdfs/bos/2011/Buying_more_affordable_renting.pdf</a>
Public note View the news release free of charge at www.lloydsbankinggroup.com...
942 ## - ADDED ENTRY ELEMENTS (KOHA)
Suppress in OPAC 0
Holdings
Withdrawn status Lost status Source of classification or shelving scheme Damaged status Not for loan Home library Current library Shelving location Date acquired Total Checkouts Full call number Barcode Date last seen Copy number Price effective from Koha item type
    Dewey Decimal Classification     Virtual Virtual Online 04/10/2011   ONLINE PUBLICATION 154019-1001 06/08/2019 1 06/08/2019 Book